Entendiendo las políticas exteriores latinoamericanas: modelo para armar /

Salvato in:
Dettagli Bibliografici
Autore principale: Klaveren, Alberto van
Natura: testo
Soggetti:
Tags: Aggiungi Tag
Nessun Tag, puoi essere il primo ad aggiungerne!!

MARC

LEADER 00000 a a2200000 04500
001 7640
003
040
100 |a Klaveren, Alberto van  
245 |a Entendiendo las políticas exteriores latinoamericanas:   |b modelo para armar /  |c Alberto van Klaveren 
650 |a POLITICA EXTERIOR  
650 |a TOMA DE DECISIONES  
650 |a ESTUDIOS DE CASOS  
650 |a RELACIONES INTERNACIONALES  
650 |a SISTEMA POLITICO  
650 |a CULTURA  
650 |a HISTORIA  
773 |g volumen 25, número 98; páginas 169-216  
999 |c 31673  |d 31673